LEADER 01024nam a2200277 i 4500 001 000000168496 003 CaOOAMICUS 005 20080116000000.0 008 080116s2006 it u000 u ita u 013 $a145898 020 $a88-6037-125-2 040 $aSeMil$bita 100 1 $aDell'Orto, Gabriella.$0(OLS)http://semarc/name/63259 245 10$aDalla parte di Dio /$cGabriella Dell'Orto. 260 $aMelegnano (Mi) :$bMontedit,$ccopyr. 2006. 300 $a374 p. ;$c21 cm. 490 0 $aI salici. Narrativa 500 $aDono del Card. Dionigi Tettamanzi. 830 2$aI salici. Narrativa.$0(OLS)http://semarc/title/25059 850 $aSeMil 852 $aSeMil$W1$xVenegono$y1$m1A V 181$j239668$B119561$CSeMilBibl$Z2$F130835 $81 941 1 $a5 961 $aOmaggio: Tettamanzi Card. Dionigi 996 $6020$a88-6037-125-2$9(OLS)http://semarc/number/155260 996 $6245$aDalla parte di Dio$9(OLS)http://semarc/title/241064 996 $6260$aMelegnano (Mi) :$bMontedit$9(OLS)http://semarc/publisher/34997 LEADER 01530nam a2200289 i 4500 001 000000189419 003 CaOOAMICUS 005 20100510000000.0 008 100510s2010 it u000 u ita u 013 $a167692 020 $a978-88-215-6782-7 040 $aSeMil$bita 100 1 $aGarzonio, Marco,$d<1939- >.$0(OLS)http://semarc/name/15988 245 13$aIl cuore dei preti :$bl'educazione sentimentale ed affettiva dei sacerdoti /$cMarco Garzonio ; prefazione del Card. Carlo Maria Martini ; contributi di G. Rigoldi ... [et al.]. 260 $aCinisello Balsamo :$bSan Paolo,$ccopyr. 2010. 300 $a126 p. ;$c21 cm. 490 0 $aDimensioni dello spirito : collana di classici del pensiero cristiano moderno ;$v182 650 4$aSacerdoti - Educazione sentimentale ed affettiva.$0(OLS)http://semarc/subject/35674 700 1 $aMartini, Carlo Maria,$c.$0(OLS)http://semarc/name/89159 700 1 $aRigoldi, Gino,$c.$0(OLS)http://semarc/name/69315 830 0$aDimensioni dello spirito ;$v182.$0(OLS)http://semarc/title/428593 850 $aSeMil 852 $aSeMil$W1$xVenegono$y1$m3G II 405$j140050$B140050$CSeMilBibl$Z2$F152275 $81 961 $aOmaggio: Braccini Annamaria 996 $6020$a978-88-215-6782-7$9(OLS)http://semarc/number/180150 996 $6245$aIl cuore dei preti :$bl'educazione sentimentale ed affettiva dei sacerdoti$9(OLS)http://semarc/title/272719 996 $6260$aCinisello Balsamo :$bSan Paolo$9(OLS)http://semarc/publisher/30129